Ubiquitin /

Bibliographic Details
Other Authors: Rechsteiner, Martin C.
Format: Book
Language:English
Published: New York : Plenum Press, [1988]
Subjects:

MARC

Tag First Indicator Second Indicator Subfields
LEADER 00000cam a22000008a 4500
001 in00000034430
005 20151007060719.0
008 880315s1988 nyu b 00100 eng
010 |a  88009809  
020 |a 0306428504 
035 |a (OCoLC)17732253 
035 |9 AAC1558AM 
040 |a DLC  |c DLC  |d TXA  |d UtOrBLW 
049 |a TXAM  |c [A11076396] 
050 0 0 |a QP552.U24  |b U25 1988 
082 0 |a 574.19/245  |2 19 
245 0 0 |a Ubiquitin /  |c edited by Martin C. Rechsteiner. 
264 1 |a New York :  |b Plenum Press,  |c [1988] 
264 4 |c ©1988 
300 |a xviii, 346 pages :  |b illustrations 
336 |a text  |b txt  |2 rdacontent 
337 |a unmediated  |b n  |2 rdamedia 
338 |a volume  |b nc  |2 rdacarrier 
504 |a Includes bibliographies and index. 
650 0 |a Ubiquitin. 
700 1 |a Rechsteiner, Martin C. 
999 |a MARS 
999 f f |s 6df5747c-7a1c-3555-80c3-b15d288b0e49  |i 8123f3d6-53c1-34d9-9677-0948d6f10155  |t 0 
952 f f |p normal  |a Texas A&M University  |b College Station  |c Sterling C. Evans Library  |d Evans: Library Stacks  |t 0  |e QP552.U24 .U25 1988  |h Library of Congress classification  |i unmediated -- volume  |m A14811076396 
998 f f |a QP552.U24 .U25 1988  |t 0  |l Evans: Library Stacks